Normal view
MARC view
- United States
Entry Geographic Name
001 - CONTROL NUMBER
- control field: 96162
003 - CONTROL NUMBER IDENTIFIER
- control field: NUST
005 - DATE AND TIME OF LATEST TRANSACTION
- control field: 20220801155843.0
008 - FIXED-LENGTH DATA ELEMENTS
- fixed length control field: 220801|| aca||aabn | a|a d
040 ## - CATALOGING SOURCE
- Original cataloging agency: NUST
- Transcribing agency: NUST
151 ## - HEADING--GEOGRAPHIC NAME
- Geographic name: United States
670 ## - SOURCE DATA FOUND
- Source citation: Work cat.: (NUST)0: Peterson's graduate and professional programs, an overview., 2021
